| 000 | 00399nam a2200157Ia 4500 | ||
|---|---|---|---|
| 003 | Ost | ||
| 005 | 20260225132539.0 | ||
| 008 | 260225s9999||||xx |||||||||||||| ||und|| | ||
| 040 | _cfsic | ||
| 041 | _afre | ||
| 082 | _a303.375 | ||
| 100 |
_aGérard chaliand _eAuteur |
||
| 245 | 0 | _aLa persuation de masse ,guerre psychologique,guerre médiatique / | |
| 245 | 0 | _cGérard chaliand | |
| 942 | _cكتاب | ||
| 999 |
_c33385 _d33385 |
||